| 000 | 00358nam a2200145Ia 4500 | ||
|---|---|---|---|
| 008 | 230917s9999||||xx |||||||||||||| ||und|| | ||
| 040 |
_e106372 _aMAIN |
||
| 041 | _aEnglish | ||
| 082 | _a301.44 D493J | ||
| 100 | _aDevendra Swarup | ||
| 245 | 0 | _aJati-viheen samaj ka sapana | |
| 260 |
_aNew Delhi _bGranth Akademi _c2004 |
||
| 300 | _a251 p. | ||
| 942 | _cBK | ||
| 999 |
_c120050 _d120050 |
||